书目信息 |
| 题名: |
理查德·迈耶
|
|
| 作者: | 弗兰普顿 编 ;苏艳娇 译 | |
| 分册: | ||
| 出版信息: | 大连 大连理工大学出版社 2004.04 |
|
| 页数: | 498页 | |
| 开本: | 29cm | |
| 丛书名: | ||
| 单 册: | ||
| 中图分类: | TU206-64 | |
| 科图分类: | ||
| 主题词: | 建筑设计--jian zhu she ji--美国--现代--图集 | |
| 电子资源: | ||
| ISBN: | 7-5611-2525-9 | |
| 000 | 01127nam0 2200277 450 | |
| 001 | 012008253525 | |
| 005 | 20080414104542.83 | |
| 010 | @a7-5611-2525-9@b精装@dCNY380.00 | |
| 100 | @a20080414d2004 em y0chiy0120 ea | |
| 101 | 1 | @achi@cita |
| 102 | @aCN@b210000 | |
| 105 | @aac a 000yy | |
| 106 | @ar | |
| 200 | 1 | @a理查德·迈耶@Ali cha de·mai ye@f肯尼迪·弗兰普顿编@Fken ni di·fu lan pu dun bian@d= Richard Meier@fKenneth frampton@g苏艳娇译@Gsu yan jiao yi@zeng |
| 210 | @a大连@c大连理工大学出版社@d2004.04 | |
| 215 | @a498页@c图 (部分彩图), 肖像@d29cm | |
| 314 | @a责任者Frampton规范汉译姓: 弗兰普顿 | |
| 320 | @a有书目 (第475-495页) | |
| 330 | @a本书介绍美国建筑家迈耶的建筑风格和设计作品,包括:迈耶的风格、40年的实践、工程与方案、论物质性、再论道路、关于白色、批评的好处、Jubilee教堂、转折点等篇章,书后有附录。 | |
| 500 | 10 | @aRichard Meier@mChinese |
| 606 | 0 | @a建筑设计@Ajian zhu she ji@y美国@z现代@j图集 |
| 690 | @aTU206-64@v4 | |
| 701 | 1 | @a弗兰普顿@Afu lan pu dun@g(Frampton, Kenneth)@4编 |
| 702 | 0 | @a苏艳娇@Asu yan jiao@4译 |
| 801 | 0 | @aCN@bQSSK@c20080414 |
| 905 | @b290839@dTU206-64@eF594@f1 | |
| 理查德·迈耶/肯尼迪·弗兰普顿编= Richard Meier/Kenneth frampton/苏艳娇译.-大连:大连理工大学出版社,2004.04 |
| 498页:图 (部分彩图), 肖像;29cm |
| ISBN 7-5611-2525-9(精装):CNY380.00 |
| 本书介绍美国建筑家迈耶的建筑风格和设计作品,包括:迈耶的风格、40年的实践、工程与方案、论物质性、再论道路、关于白色、批评的好处、Jubilee教堂、转折点等篇章,书后有附录。 |
| ● |
| 相关链接 |
|
|
|
正题名:理查德·迈耶
索取号:TU206-64/F594
 
预约/预借
| 序号 | 登录号 | 条形码 | 馆藏地/架位号 | 状态 | 备注 |
| 1 | 290839 | 202908390 | 建筑库101/ [索取号:TU206-64/F594] | 在馆 |